000 00405nam a2200145Ia 4500
008 230312s9999||||xx |||||||||||||| ||und||
082 _a327.47073
_bEVA-C
100 _aLinda Evanston
245 4 _aThe Complete Guide to Prize Winning
260 _bSANTA MONICA PRESS
_aUSA
_c1993
300 _a128
546 _aEng.
650 _aEconomics
_vName of the game , do I need an invantion?
942 _cBK
999 _c2456
_d2456